000
00286nam a2200109 4500
008
160625b xxu||||| |||| 00| 0 eng d
100
_9
1156
_a
Shyam, R
245
_a
Numerical Problems in Physics
260
_a
D
_b
Neelam
_c
1996
300
_a
Numerical Problems in Physics
942
_2
ddc
_c
BK
999
_c
938
_d
938